Wszystkie państwa wchodzące w skład Dynastii Qing - Statystyki

Ogólne statystyki
  • Ten quiz został rozwiązany 44 razy
  • Średni wynik to 10 z 11
Statystyki odpowiedzi
Liczba Państwo % Poprawnych
1 Chiny
100%
4 Korea Północna
97%
2 Mongolia
97%
5 Korea Południowa
94%
3 Rosja
94%
9 Bhutan
92%
8 Indie
92%
7 Mjanma
86%
11 Kazachstan
81%
10 Kirgistan
78%
6 Tajwan
75%
Nie znaleziono quizów pasujących do podanych kryteriów
Rozkład punktacji
Procent ludzi z każdym wynikiem
Percentyl według liczby udzielonych odpowiedzi
Twoja historia wyników
Nie rozwiązałeś tego quizu